Loading...
| Fine Arts - Classical Music | 7 | 11.43 | 2,071% | 486% | 257% |
| Fine Arts - Other | 6 | 11.67 | 2,767% | 233% | 250% |
| Fine Arts - Painting & Sculpture | 4 | 15.00 | 4,950% | 375% | 200% |
| History - American | 1 | 10.00 | 3,600% | 0% | 0% |
| History - European | 6 | 10.00 | 1,067% | 233% | 417% |
| History - Other | 5 | 6.00 | 720% | 340% | 0% |
| History - World | 6 | 20.00 | 3,300% | 550% | 633% |
| Literature - American | 6 | 6.67 | 600% | 150% | 233% |
| Literature - British | 2 | 10.00 | 4,050% | 0% | 400% |
| Literature - European | 9 | 14.44 | 2,533% | 433% | 322% |
| Literature - World | 5 | 8.00 | 2,560% | 0% | 340% |
| Mythology | 1 | 10.00 | 6,400% | 0% | 0% |
| Other | 6 | 10.00 | 2,700% | 283% | 233% |
| Philosophy | 3 | 10.00 | 2,700% | 267% | 200% |
| Religion | 7 | 8.57 | 914% | 486% | 114% |
| Science - Biology | 6 | 13.33 | 3,483% | 200% | 433% |
| Science - Chemistry | 3 | 16.67 | 2,700% | 867% | 267% |
| Science - Other | 4 | 10.00 | 2,025% | 200% | 375% |
| Science - Physics | 4 | 17.50 | 2,500% | 550% | 350% |
| Social Science | 5 | 12.00 | 2,900% | 340% | 300% |